000 00349nam a2200133 i 4500
001 bg
245 0 _aZastosowanie filmu w badaniach rolniczych i leśnych.
260 _aWarszawa,
_c1989.
830 _aZeszyty problemowe postępów nauk rolniczych ;
040 _cBPK
041 _apol
942 _cKS
008 s pl f |000 0 pol
999 _c28971
_d28971
856 _uhttp://koha.tu.koszalin.pl/cgi-bin/koha/opac-detail.pl?biblionumber=28971
_yKatalog online BPK